000 00425nam a2200169Ia 4500
003 GCL
008 140319s9999 xx 000 0 eng d
040 _aGCL /
_cGCL
082 0 4 _a860
_bQ V
100 1 _aQUINONES, FERNANDO
245 1 0 _aVIENTO SUR /
_cQUINONES, FERNANDO
260 _a[S.N] :
_bA LIANZA EDITORIAL ،
_c1987
300 _a298 P
650 0 4 _aLITERATURE
650 0 4 _aSPANISH LITERATURE
942 _2ddc
_cBK
999 _c23640
_d23640